000 00820cam a2200229 4500
001 WB3642-33
008 000000n2000 000 0 eng u
035 _a(Sirsi) u108952
245 _aReaping the benefits
260 _c2000
490 _aHerald
_v20 October 2000, 31(1)
520 _aA report published by the Central Science Laboratory (CSL) calls for an EC-wide policy for the promotion and use of non-food crops. The report suggests that an EC strategy for alternative crops could be beneficial to rural development and the environment.
590 _aWB
650 _aNON-FOOD CROPS
650 _aENVIRONMENTAL SUSTAINABILITY
650 _aALTERNATIVE CROPS
650 _aEC REGULATIONS
650 _aFARMLAND
650 _aEUROPEAN UNION
690 _aRURAL-AGRICULTURE AND FORESTRY
942 _n0
999 _c65060
_d65060